000 01139cam a2200445 4500500
005 20260405001707.0
041 _afre
042 _adc
100 1 0 _aEltchaninoff, Michel
_eauthor
245 0 0 _aL’amour du destin. Sur les traces de Nietzsche
260 _c2014.
500 _a16
690 _aAllemagne
690 _aBâle
690 _aBerlin
690 _aBlanche-Neige
690 _aDerrida
690 _aEternel retour
690 _aInterprétation
690 _aItalie
690 _aItinéraire
690 _aLenzerheide
690 _aMaurizio Ferraris
690 _aNaumburg
690 _aNice
690 _aNietzsche
690 _aOrta
690 _aRapallo
690 _aRöcken
690 _aSils-Maria
690 _aSilvaplana
690 _aSorrente
690 _aSuisse
690 _aThe Doors
690 _aTurin
690 _aVolonté de puissance
690 _aWalt Disney
786 0 _nPhilosophie magazine | 76 | 2 | 2014-02-01 | p. 18-18 | 1951-1787
856 4 1 _uhttps://shs.cairn.info/magazine-philosophie-magazine-2014-2-page-18?lang=fr&redirect-ssocas=7080
999 _c2050081
_d2050081